Fr. Conceicao Rodrigues College of Engineering

Text book of Engineering Physics (Record no. 31550)

MARC details
000 -LEADER
fixed length control field 00313nam a2200157Ia 4500
082 ## - DEWEY DECIMAL CLASSIFICATION NUMBER
Item number AVA
100 ## - MAIN ENTRY--PERSONAL NAME
Personal name Avadhanulu
245 ## - TITLE STATEMENT
Title Text book of Engineering Physics
260 ## - PUBLICATION, DISTRIBUTION, ETC.
Name of publisher, distributor, etc. #N/A
366 ## - TRADE AVAILABILITY INFORMATION
Publishers's discount category 20
546 ## - LANGUAGE NOTE
Language note ENGLISH
650 ## - SUBJECT ADDED ENTRY--TOPICAL TERM
Topical term or geographic name entry element Physics
654 ## - SUBJECT ADDED ENTRY--FACETED TOPICAL TERMS
Focus term engineering physics
942 ## - ADDED ENTRY ELEMENTS (KOHA)
Koha item type BOOK
Holdings
Withdrawn status Lost status Damaged status Not for loan Collection Home library Current library Date acquired Source of acquisition Cost, normal purchase price Inventory number Total Checkouts Full call number Barcode Date last seen Date last checked out Cost, replacement price Price effective from Koha item type
        CRC Fr. Agnel's C.Rodrigues College of Engineering Fr. Agnel's C.Rodrigues College of Engineering 17/03/2023 Allied Publishers 520.00 776 dt 14.03.2019 2 AVA 25573 27/02/2025 31/01/2025 650.00   BOOK